01057nam a2200193Ia 4500001001000000003001000010008004100020040002500061041001400086100001200100245003800112250001100150260009000161300002800251500021800279501011400497520021800611650003400829L235-7322IT-CnALBA170116s9999||||xx |||||||||||||| ||und|| aIT-CnALBAcIT-CnALBA aFRANCESE  aAA. VV. 0aL'IMMACULEE VIERGE MERE DE DIEU.  a1a ed. a PARISbBONNE PRESSE, MAISON DE LA... c1933 [1° Ed.:1933 - Ed.Ling.Originale: 1933] a224 p. (prefazione: 57) aSTORIA DELLA DOTTRINA SELEZIONATA TRA I MIGLIORI AUTORI. IMMACOLATA VERGINE. MADRE DI DIO. DOLORI DI MARIA. PARTECIPAZIONE DI MARIA AI PATIMENTI DI CRISTO. DEVOZIONE MARIANA. DORMIZIONE E GLORIFICAZIONE DI MARIA.  aSocietà San Paolo EM - Piazza San Paolo, 14 - 12051 ALBA (CN) (non commercial uses only) ® Copyright 2017 aSTORIA DELLA DOTTRINA SELEZIONATA TRA I MIGLIORI AUTORI. IMMACOLATA VERGINE. MADRE DI DIO. DOLORI DI MARIA. PARTECIPAZIONE DI MARIA AI PATIMENTI DI CRISTO. DEVOZIONE MARIANA. DORMIZIONE E GLORIFICAZIONE DI MARIA.  aMARIA SS. ANGELI SANTI DEMONI